Religion and challenges of science

Other Authors: Feist, Richard, Sweet, William
Published: Aldershot: Ashgate, 2007
Subjects:
LEADER 00869cam a2200265 7i4500
001 0000077221
005 20230620090000.0
008 230620t20082008nyu# ### #00001eng##
020 # # |a 9780754647156  
040 # # |a UMT   |b eng   |c UMT   |e rda 
090 0 0 |a BL 241   |b .R4 2008 
245 0 0 |a Religion and challenges of science   |c edited by William Sweet and Richard Feist. 
264 # 4 |c ♭2007 
264 # 1 |a Aldershot:   |b Ashgate,   |c 2007 
300 # # |a xii, 235 pages:   |b illustrations;   |c 25 cm 
336 # # |a text --   |2 rdacontent 
337 # # |a unmediated --   |2 rdamedia 
338 # # |a volume --   |2 rdacarrier 
504 # # |a Includes index 
590 # # |a Pusat Pendidikan Asas dan Liberal 
650 0 0 |a Religion and science --   |x History  
650 0 0 |a Religion and science  
700 1 # |a Feist, Richard  
700 1 # |a Sweet, William  
999 |a 1100070565  |b Book  |c Open Shelf  |e KOLEKSI TERBUKA